[Event "Pardubice Czech op-E 34th"]
[Site "Pardubice"]
[Date "2023.07.13"]
[Round "1"]
[White "Ocelak, Jakub"]
[Black "Vlcek, Marek"]
[Result "1-0"]
[WhiteElo "2158"]
[BlackElo "1903"]
[PlyCount "75"]
[EventDate "2023.07.13"]
[EventType "team-swiss"]
[EventRounds "7"]
[EventCountry "CZE"]
[SourceTitle "CBM 215 Extra"]
[Source "ChessBase"]
[SourceDate "2023.09.30"]
[SourceVersion "1"]
[SourceVersionDate "2023.09.30"]
[SourceQuality "1"]
[WhiteTeam "Ricany 1925"]
[BlackTeam "Roztoky Caissa II"]
[WhiteTeamCountry "CZE"]
[BlackTeamCountry "CZE"]

1. Nf3 Nf6 2. d4 d5 3. Bf4 e6 4. e3 Be7 5. Nbd2 Nbd7 6. Bd3 c5 7. c3 0-0 8. Ne5 Qb6 9. Rb1 Rd8 10. Qf3 Ne4 11. Nxe4 dxe4 12. Qxe4 f5 13. Qf3 Nxe5 14. Bxe5 Rd7 15. 0-0 a6 16. Bc4 Kh8 17. Rfd1 cxd4 18. exd4 Bf8 19. Re1 Re7 20. Qf4 Qc6 21. Bb3 Rf7 22. Re3 b5 23. Rh3 Kg8 24. Rd1 Raa7 25. Re3 Rad7 26. h4 Bb7 27. Rg3 a5 28. a3 Qb6 29. Re1 Bd5 30. Bxd5 Rxd5 31. Rge3 Bd6 32. Qf3 Bxe5 33. Rxe5 Rxe5 34. Rxe5 b4 35. Qe2 bxc3 36. Rxe6 c2 37. Re8+ Rf8 38. Qc4+ 1-0

[Event "BCF-chT3Sa 1819 (4NCL)"]
[Site "England"]
[Date "2019.01.13"]
[Round "4.34"]
[White "Taylor, Mark V"]
[Black "Vlcek, Marek"]
[Result "0-1"]
[WhiteElo "1915"]
[BlackElo "1927"]
[PlyCount "94"]
[EventDate "2018.11.17"]
[EventType "team-tourn"]
[EventRounds "7"]
[EventCountry "ENG"]
[SourceTitle "EXT 2021"]
[Source "ChessBase"]
[SourceDate "2020.10.23"]
[SourceVersion "1"]
[SourceVersionDate "2020.10.23"]
[SourceQuality "1"]
[WhiteTeam "Leeds University Old Boys"]
[BlackTeam "CSC II"]
[WhiteTeamCountry "ENG"]
[BlackTeamCountry "ENG"]

1. f4 e5 2. e4 exf4 3. Nf3 Nf6 4. e5 Nh5 5. d4 d6 6. Bc4 d5 7. Bd3 Bg4 8. 0-0 c5 9. c3 Qb6 10. Kh1 Nc6 11. Qe1 cxd4 12. Qh4 Bxf3 13. Rxf3 Nxe5 14. Qxh5 Nxf3 15. Qxf3 Bd6 16. cxd4 0-0 17. Nc3 Rae8 18. Bxf4 Bxf4 19. Qxf4 Qxb2 20. Rc1 Rc8 21. Rc2 Qb4 22. Qd2 Rfe8 23. h3 Qd6 24. Rc1 Qg3 25. Rf1 Re3 26. Rd1 Rxd3 27. Qxd3 Rxc3 28. Qxg3 Rxg3 29. Rc1 g6 30. Rc7 Ra3 31. Rxb7 Rxa2 32. Rb5 Kf8 33. Rxd5 Ke7 34. Kh2 h5 35. h4 Ke6 36. Rd8 a5 37. d5+ Ke7 38. Ra8 a4 39. Ra7+ Ke8 40. Ra8+ Kd7 41. Ra7+ Kd6 42. Rxf7 Kxd5 43. Rg7 a3 44. Rxg6 Re2 45. Ra6 a2 46. Ra4 Kc5 47. Ra8 Kb4 0-1

[Event "BCF-chT2 1617 (4NCL) Demotion pool"]
[Site "England"]
[Date "2017.04.29"]
[Round "9.87"]
[White "Vlcek, Marek"]
[Black "Punnett, Alan Kenneth"]
[Result "1/2-1/2"]
[WhiteElo "2016"]
[BlackElo "2038"]
[PlyCount "46"]
[EventDate "2016.11.19"]
[EventType "team-tourn"]
[EventRounds "11"]
[EventCountry "ENG"]
[SourceTitle "EXT 2019"]
[Source "ChessBase"]
[SourceDate "2018.10.10"]
[SourceVersion "1"]
[SourceVersionDate "2018.10.10"]
[SourceQuality "1"]
[WhiteTeam "CSC Dragons"]
[BlackTeam "Guildford III"]
[WhiteTeamCountry "ENG"]
[BlackTeamCountry "ENG"]

1. d4 Nf6 2. Nf3 d5 3. e3 Bg4 4. Be2 e6 5. Nbd2 Nbd7 6. c4 c6 7. b3 Bb4 8. a3 Bc3 9. Ra2 Ne4 10. 0-0 Nxd2 11. Bxd2 Bxd2 12. Nxd2 Bxe2 13. Qxe2 0-0 14. e4 Qh4 15. exd5 exd5 16. Nf3 Qe4 17. Qxe4 dxe4 18. Ng5 Rae8 19. Re2 f5 20. Rfe1 h6 21. Nf3 Rd8 22. Nd2 Nf6 23. f3 Rxd4 1/2-1/2

[Event "BCF-chT3Sd 1516 (4NCL)"]
[Site "England"]
[Date "2016.03.20"]
[Round "8.99"]
[White "Vlcek, Marek"]
[Black "Hall, John"]
[Result "1/2-1/2"]
[WhiteElo "1990"]
[BlackElo "2179"]
[PlyCount "34"]
[EventDate "2016.03.20"]
[EventType "team-swiss"]
[EventRounds "11"]
[EventCountry "ENG"]
[SourceTitle "EXT 2017"]
[Source "ChessBase"]
[SourceDate "2016.10.25"]
[SourceVersion "1"]
[SourceVersionDate "2016.10.25"]
[SourceQuality "1"]
[WhiteTeam "CSC Rhinos II"]
[BlackTeam "Leeds University Old Boys"]
[WhiteTeamCountry "ENG"]
[BlackTeamCountry "ENG"]

1. d4 Nf6 2. Nf3 c5 3. e3 e6 4. Nbd2 b6 5. Bd3 Bb7 6. b3 cxd4 7. exd4 Bb4 8. Bb2 Bxf3 9. Qxf3 Bxd2+ 10. Kxd2 Nc6 11. c4 d5 12. cxd5 Nxd5 13. Bb5 Qd6 14. Ba3 Qxa3 15. Bxc6+ Ke7 16. Bxd5 Qa5+ 17. Kd3 Qxd5 1/2-1/2

[Event "London Classic CSC op U2000 7th"]
[Site "London"]
[Date "2015.12.05"]
[Round "2"]
[White "Jazdzewski, Daniel"]
[Black "Vlcek, Marek"]
[Result "0-1"]
[WhiteElo "1864"]
[BlackElo "1963"]
[PlyCount "78"]
[EventDate "2015.12.04"]
[EventType "swiss"]
[EventRounds "5"]
[EventCountry "ENG"]
[SourceTitle "CBM 169 Extra"]
[Source "ChessBase"]
[SourceDate "2015.12.18"]
[SourceVersion "1"]
[SourceVersionDate "2015.12.18"]
[SourceQuality "1"]

1. Nf3 Nf6 2. g3 b5 3. Bg2 Bb7 4. 0-0 e6 5. d3 d5 6. a4 b4 7. c3 a5 8. cxb4 axb4 9. Bf4 Be7 10. Qc2 c5 11. Nbd2 Nbd7 12. Nb3 0-0 13. Ne5 Nxe5 14. Bxe5 Nd7 15. Bf4 Rc8 16. g4 c4 17. Nd2 cxd3 18. Qxd3 Nc5 19. Qg3 Ba6 20. Rfe1 Bh4 21. Qe3 Bf6 22. Be5 d4 23. Qg3 Bh4 24. Qh3 Be7 25. Ne4 f6 26. Nxc5 Rxc5 27. Bg3 g6 28. Be4 f5 29. gxf5 exf5 30. f3 Bc8 31. Bb1 f4 32. Qg2 fxg3 33. hxg3 b3 34. Bd3 Be6 35. Kf2 Qa5 36. Rh1 Qd2 37. g4 Qe3+ 38. Ke1 Rfc8 39. Rd1 Rc1 0-1

[Event "London Classic op"]
[Site "London"]
[Date "2011.12.03"]
[Round "1"]
[White "Berry, Neil"]
[Black "Vlcek, Marek"]
[Result "1-0"]
[WhiteElo "2312"]
[BlackElo "1935"]
[PlyCount "99"]
[EventDate "2011.12.03"]
[EventType "swiss"]
[EventRounds "9"]
[EventCountry "ENG"]
[SourceTitle "CBM 145 Extra"]
[Source "ChessBase"]
[SourceDate "2012.01.03"]
[SourceVersion "1"]
[SourceVersionDate "2012.01.03"]
[SourceQuality "1"]

1. d4 Nf6 2. c4 e5 3. dxe5 Ng4 4. Nf3 Nc6 5. Bf4 Bb4+ 6. Nbd2 f6 7. exf6 Qxf6 8. e3 Qxb2 9. Be2 d6 10. 0-0 0-0 11. Ne4 Nf6 12. Rb1 Qxa2 13. Bd3 Be6 14. Nfg5 Bxc4 15. Nxf6+ Rxf6 16. Nxh7 Re6 17. Ng5 Rf6 18. Ra1 Qb3 19. Bc2 Qb2 20. Rb1 Qa2 21. Ra1 Qb2 22. Rb1 Qa2 23. Bb3 Bxb3 24. Rxb3 Qa5 25. Qb1 Rf5 26. h4 Qb5 27. g4 Rxg5 28. hxg5 a5 29. Qe4 Ne5 30. Bxe5 dxe5 31. g6 Rd8 32. Rc1 c6 33. Qh1 Qd5 34. Qh7+ Kf8 35. Rbb1 Qe6 36. Qh8+ Qg8 37. Qh5 Qe6 38. Qh8+ Qg8 39. Qh5 Qe6 40. Rd1 Rb8 41. Rd3 Be7 42. e4 a4 43. Rf3+ Bf6 44. g5 Ke7 45. gxf6+ gxf6 46. Qh7+ Kd6 47. Rd3+ Kc5 48. Qc7 Rg8 49. Qb6+ Kc4 50. Rg3 1-0

[Event "Ricany op"]
[Site "Ricany"]
[Date "2009.08.26"]
[Round "6"]
[White "Vlcek, Marek"]
[Black "Krejci, Martin"]
[Result "1/2-1/2"]
[WhiteElo "1972"]
[BlackElo "1837"]
[PlyCount "66"]
[EventDate "2009.08.22"]
[EventType "swiss"]
[EventRounds "9"]
[EventCountry "CZE"]
[SourceTitle "CBM 131 Extra"]
[Source "ChessBase"]
[SourceDate "2009.09.03"]
[SourceVersion "2"]
[SourceVersionDate "2009.09.16"]
[SourceQuality "1"]

1. c4 Nf6 2. Nf3 g6 3. b4 Bg7 4. Bb2 0-0 5. g3 c6 6. Bg2 d5 7. 0-0 Bf5 8. Nh4 Bg4 9. h3 Be6 10. e3 dxc4 11. Nc3 Nd5 12. Nxd5 Bxb2 13. Nf4 Bxa1 14. Nxe6 fxe6 15. Qxa1 Qxd2 16. Qe5 Qd6 17. Qg5 e5 18. Qg4 b5 19. Be4 Rf6 20. Qc8+ Rf8 21. Qb7 Nd7 22. Bxc6 Nb6 23. Bxb5 Qxb4 24. a4 Qd6 25. Qe4 Rac8 26. a5 Qd5 27. Qb1 Rc5 28. e4 Rxb5 29. exd5 Rxb1 30. Rxb1 Nxd5 31. Rb5 e6 32. Rc5 Rf7 33. Rxc4 Kg7 1/2-1/2

[Event "Ricany op"]
[Site "Ricany"]
[Date "2009.08.24"]
[Round "4"]
[White "Hatas, Radim"]
[Black "Vlcek, Marek"]
[Result "1/2-1/2"]
[WhiteElo "1773"]
[BlackElo "1972"]
[PlyCount "63"]
[EventDate "2009.08.22"]
[EventType "swiss"]
[EventRounds "9"]
[EventCountry "CZE"]
[SourceTitle "CBM 131 Extra"]
[Source "ChessBase"]
[SourceDate "2009.09.03"]
[SourceVersion "2"]
[SourceVersionDate "2009.09.16"]
[SourceQuality "1"]

1. e4 d5 2. exd5 Nf6 3. d4 Nxd5 4. Nf3 Bg4 5. Be2 Nc6 6. 0-0 Qd7 7. c4 Nb6 8. b3 Bxf3 9. Bxf3 Nxd4 10. Bxb7 Rb8 11. Ba6 g6 12. c5 Na8 13. Nc3 Bg7 14. Rb1 c6 15. Bb2 0-0 16. Ne2 Nc7 17. Bxd4 Bxd4 18. Qxd4 Qxd4 19. Nxd4 Nxa6 20. Nxc6 Rb7 21. Rfe1 e6 22. Rec1 Rc8 23. Ne5 Rxc5 24. Rxc5 Nxc5 25. Rc1 Rb5 26. Nc6 a6 27. Kf1 Nd3 28. Rc3 Nf4 29. a4 Rh5 30. Rc4 Nd5 31. h4 Kg7 32. a5 1/2-1/2

[Event "Ricany op"]
[Site "Ricany"]
[Date "2009.08.23"]
[Round "3"]
[White "Vlcek, Marek"]
[Black "Chromovsky, Hynek"]
[Result "0-1"]
[WhiteElo "1972"]
[BlackElo "1802"]
[PlyCount "74"]
[EventDate "2009.08.22"]
[EventType "swiss"]
[EventRounds "9"]
[EventCountry "CZE"]
[SourceTitle "CBM 131 Extra"]
[Source "ChessBase"]
[SourceDate "2009.09.03"]
[SourceVersion "2"]
[SourceVersionDate "2009.09.16"]
[SourceQuality "1"]

1. d4 Nf6 2. Nf3 e6 3. e3 c5 4. Bd3 Nc6 5. c3 Qc7 6. Nbd2 b6 7. 0-0 Bd6 8. Qe2 Ng4 9. h3 h5 10. e4 cxd4 11. Nxd4 Bb7 12. N2f3 a6 13. Re1 Nge5 14. Bc2 f6 15. Nxe5 Nxe5 16. f4 Nc6 17. Nxc6 Qxc6 18. Be3 0-0-0 19. Rad1 Rdg8 20. Rd2 g5 21. fxg5 fxg5 22. Red1 Bf4 23. Rxd7 h4 24. Bxf4 gxf4 25. R7d6 Qc5+ 26. R1d4 Kb8 27. Kh2 Qe5 28. Kh1 Rg3 29. Rxb6 Re3 30. Qf1 Ka7 31. Rbd6 Rg8 32. Bb3 Qg5 33. Bxe6 Re1 34. Bg4 Rxf1+ 35. Kh2 f3 36. gxf3 Qf4+ 37. Kg2 Qxf3+ 0-1

[Event "Litomysl op 10th"]
[Site "Litomysl"]
[Date "2008.12.30"]
[Round "6"]
[White "Vlcek, Marek"]
[Black "Aron, Oto"]
[Result "1-0"]
[WhiteElo "1994"]
[BlackElo "1766"]
[PlyCount "41"]
[EventDate "2008.12.26"]
[EventType "swiss"]
[EventRounds "9"]
[EventCountry "CZE"]
[SourceTitle "CBM 128 Extra"]
[Source "ChessBase"]
[SourceDate "2009.03.05"]
[SourceVersion "2"]
[SourceVersionDate "2009.03.25"]
[SourceQuality "1"]

1. Nf3 g6 2. c4 Bg7 3. Nc3 d6 4. g3 Nf6 5. Bg2 Be6 6. d3 c6 7. Qc2 d5 8. Ng5 0-0 9. Nxe6 fxe6 10. 0-0 Qb6 11. Na4 Qc7 12. Nc5 Qd6 13. d4 b6 14. Bf4 bxc5 15. Bxd6 exd6 16. dxc5 dxc5 17. cxd5 cxd5 18. Qxc5 Nbd7 19. Qc6 Rfe8 20. Bh3 Kf7 21. Bxe6+ 1-0

[Event "CZE-ch Juniors op-A"]
[Site "Sec u Chrudimi"]
[Date "2008.03.10"]
[Round "3"]
[White "Zavadil, Michal"]
[Black "Vlcek, Marek"]
[Result "0-1"]
[WhiteElo "2102"]
[BlackElo "1920"]
[PlyCount "68"]
[EventDate "2008.03.08"]
[EventType "swiss"]
[EventRounds "9"]
[EventCountry "CZE"]
[SourceTitle "EXT 2009"]
[Source "ChessBase"]
[SourceDate "2008.11.26"]
[SourceVersion "1"]
[SourceVersionDate "2008.11.26"]
[SourceQuality "1"]

1. d4 Nf6 2. c4 e5 3. dxe5 Ng4 4. Nf3 Nc6 5. e3 Ngxe5 6. Nxe5 Nxe5 7. Be2 d6 8. 0-0 g6 9. Bd2 Be6 10. Bc3 f6 11. Nd2 Bg7 12. f4 Nd7 13. Nf3 0-0 14. Nd4 Bf7 15. b4 Nb6 16. c5 dxc5 17. bxc5 Nd5 18. Bd2 Qe7 19. Bf3 Qxc5 20. Rb1 f5 21. Rb5 Qd6 22. Nb3 b6 23. Nc1 c6 24. Rb1 Rad8 25. Nb3 Rfe8 26. Re1 c5 27. Qc2 a5 28. Rbd1 Qf6 29. Kh1 Nb4 30. Bxb4 axb4 31. Nc1 c4 32. Be2 b5 33. Bf1 Rxd1 34. Qxd1 Qc3 0-1

[Event "CZE-ch Juniors op-A"]
[Site "Sec u Chrudimi"]
[Date "2008.03.08"]
[Round "1"]
[White "Valek, Tomas"]
[Black "Vlcek, Marek"]
[Result "0-1"]
[WhiteElo "1756"]
[BlackElo "1945"]
[PlyCount "86"]
[EventDate "2008.03.08"]
[EventType "swiss"]
[EventRounds "9"]
[EventCountry "CZE"]
[SourceTitle "EXT 2009"]
[Source "ChessBase"]
[SourceDate "2008.11.26"]
[SourceVersion "1"]
[SourceVersionDate "2008.11.26"]
[SourceQuality "1"]

1. f4 e5 2. e4 exf4 3. Nf3 Nf6 4. e5 Nh5 5. Bc4 g5 6. 0-0 g4 7. d4 gxf3 8. Qxf3 Qg5 9. Nc3 Nc6 10. Ne4 Qg6 11. Qxh5 Nxd4 12. Qxg6 hxg6 13. Bxf4 Bg7 14. c3 Nc6 15. Bg3 b6 16. Bd5 Rb8 17. Rad1 a5 18. Rf3 Ba6 19. c4 Rh5 20. Rdf1 Bxe5 21. Bxc6 dxc6 22. Rxf7 Bxg3 23. Rf8+ Kd7 24. Nf6+ Ke7 25. Ng8+ Kd6 26. Rd1+ Kc5 27. Rxb8 Bxh2+ 28. Kf2 Rf5+ 29. Ke3 Bxc4 30. Ne7 Re5+ 31. Kd2 Re2+ 32. Kc1 Bxa2 33. Rf1 Rxg2 34. Rf3 Be5 35. b3 Rg1+ 36. Kc2 Bb1+ 37. Kd2 Be4 38. Rf2 Rb1 39. Re2 Rb2+ 40. Ke3 Bd4+ 41. Kxe4 Rxe2+ 42. Kd3 Re3+ 43. Kc2 g5 0-1

[Event "Klatovy op-A"]
[Site "Klatovy"]
[Date "2007.07.05"]
[Round "6"]
[White "Vlcek, Marek"]
[Black "Petrova, Kristyna"]
[Result "1/2-1/2"]
[WhiteElo "1892"]
[BlackElo "2100"]
[PlyCount "43"]
[EventDate "2007.06.30"]
[EventType "swiss"]
[EventRounds "9"]
[EventCountry "CZE"]
[SourceTitle "CBM 119 Extra"]
[Source "ChessBase"]
[SourceDate "2007.09.04"]
[SourceVersion "1"]
[SourceVersionDate "2007.09.04"]
[SourceQuality "1"]

1. d4 Nf6 2. Nf3 g6 3. e3 Bg7 4. Bd3 0-0 5. 0-0 d6 6. Nbd2 Nc6 7. c3 e5 8. Ne4 Nxe4 9. Bxe4 d5 10. Bc2 e4 11. Nd2 Ne7 12. f3 f5 13. Bb3 Kh8 14. Qe1 Qd6 15. Bc2 b6 16. c4 Ba6 17. b3 dxc4 18. Nxc4 Qd5 19. fxe4 fxe4 20. Bb2 Nf5 21. Rf4 Rae8 22. Ne5 1/2-1/2

[Event "Klatovy op-A"]
[Site "Klatovy"]
[Date "2007.07.04"]
[Round "5"]
[White "Vlcek, Marek"]
[Black "Framberk, Jan"]
[Result "1-0"]
[WhiteElo "1892"]
[BlackElo "2077"]
[PlyCount "121"]
[EventDate "2007.06.30"]
[EventType "swiss"]
[EventRounds "9"]
[EventCountry "CZE"]
[SourceTitle "CBM 119 Extra"]
[Source "ChessBase"]
[SourceDate "2007.09.04"]
[SourceVersion "1"]
[SourceVersionDate "2007.09.04"]
[SourceQuality "1"]

1. d4 Nf6 2. Nf3 g6 3. e3 Bg7 4. Bd3 d5 5. Nbd2 b6 6. Qe2 c5 7. c3 cxd4 8. exd4 Bg4 9. h3 Bf5 10. Bxf5 gxf5 11. Ne5 Ne4 12. Nxe4 Bxe5 13. Ng5 Bf6 14. Qh5 Bxg5 15. Qxg5 Qd7 16. Qg7 Qe6+ 17. Kd1 Qf6 18. Qxf6 exf6 19. Re1+ Kd7 20. Re3 Rg8 21. g3 f4 22. Rf3 fxg3 23. fxg3 Ke6 24. g4 Nc6 25. Kc2 Ne7 26. Bd2 Rg6 27. Re1+ Kd7 28. Ref1 Ke6 29. Be1 Rh8 30. Bh4 Ng8 31. Re3+ Kd7 32. Rf5 Ne7 33. Rxf6 Rxf6 34. Bxf6 Re8 35. Re5 Kd6 36. Kd3 b5 37. Ke3 a6 38. Kf3 Kd7 39. Bxe7 Rxe7 40. Rxd5+ Kc6 41. Rc5+ Kd6 42. Rc8 Kd5 43. Kf4 Re2 44. Ra8 Rxb2 45. Rxa6 Rh2 46. Rg6 Rc2 47. Ra6 Kc4 48. g5 Rc1 49. Kg4 Rf1 50. Kh5 f5 51. h4 f4 52. Kg4 Kd5 53. Ra7 Ke4 54. Re7+ Kd3 55. d5 Kxc3 56. d6 f3 57. Kg3 f2 58. d7 Rd1 59. Kxf2 Rd2+ 60. Kf3 Kb2 61. Re2 1-0

[Event "Klatovy op-A"]
[Site "Klatovy"]
[Date "2007.07.02"]
[Round "3"]
[White "Cmiko, Jakub"]
[Black "Vlcek, Marek"]
[Result "1-0"]
[WhiteElo "2100"]
[BlackElo "1892"]
[PlyCount "87"]
[EventDate "2007.06.30"]
[EventType "swiss"]
[EventRounds "9"]
[EventCountry "CZE"]
[SourceTitle "CBM 119 Extra"]
[Source "ChessBase"]
[SourceDate "2007.09.04"]
[SourceVersion "1"]
[SourceVersionDate "2007.09.04"]
[SourceQuality "1"]

1. e4 e5 2. Nf3 Nc6 3. Bb5 a6 4. Ba4 Nf6 5. 0-0 b5 6. Bb3 Bc5 7. c3 Nxe4 8. d4 exd4 9. cxd4 Be7 10. d5 Na5 11. Bc2 Nf6 12. a3 0-0 13. Nc3 Bb7 14. b3 Re8 15. Bb2 c5 16. Qd3 c4 17. Qf5 cxb3 18. Bd3 Nc4 19. Bxc4 bxc4 20. Rfe1 d6 21. h3 Qd7 22. Qf4 Rac8 23. Rad1 Rc5 24. Ng5 h6 25. Nce4 Rxd5 26. Rxd5 Bxd5 27. Ng3 hxg5 28. Qxg5 Be6 29. Ne4 Qd8 30. Re3 Bf5 31. Nxf6+ Bxf6 32. Bxf6 Qxf6 33. Rxe8+ Kh7 34. Qh5+ Qh6 35. Qxf5+ Qg6 36. Qc8 Qd3 37. Rh8+ Kg6 38. Qg4+ Kf6 39. Qf4+ Ke6 40. Re8+ Kd7 41. Qxf7+ Kc6 42. Rc8+ Kb6 43. Qc7+ Kb5 44. Qb7+ 1-0

[Event "CZE-ch Juniors op-A"]
[Site "Sec u Chrudimi"]
[Date "2007.03.17"]
[Round "9"]
[White "Pecha, Vladan"]
[Black "Vlcek, Marek"]
[Result "1/2-1/2"]
[WhiteElo "1793"]
[BlackElo "1892"]
[PlyCount "68"]
[EventDate "2007.03.10"]
[EventType "swiss"]
[EventRounds "9"]
[EventCountry "CZE"]
[SourceTitle "EXT 2008"]
[Source "ChessBase"]
[SourceDate "2007.11.25"]
[SourceVersion "1"]
[SourceVersionDate "2007.11.25"]
[SourceQuality "1"]

1. e4 d5 2. exd5 Nf6 3. Bb5+ Bd7 4. Be2 Nxd5 5. d4 g6 6. c4 Nf6 7. Nc3 Bg7 8. Be3 0-0 9. h3 Re8 10. Nf3 c5 11. d5 Qc7 12. 0-0 a6 13. Re1 e5 14. Nd2 b6 15. Bf3 Ra7 16. a3 Bf5 17. Nce4 Nxe4 18. Bxe4 Bc8 19. Rb1 f5 20. Bd3 e4 21. Bg5 Qf7 22. Bc2 Nd7 23. Ba4 h6 24. Bf4 g5 25. Bh2 Kh8 26. Bc2 Ne5 27. f3 exf3 28. Bxe5 f2+ 29. Kxf2 Bxe5 30. Nf3 Bd6 31. Qd3 Rae7 32. Rxe7 Rxe7 33. Re1 Rxe1 34. Nxe1 Qe7 1/2-1/2

[Event "CZE-ch Juniors op-A"]
[Site "Sec u Chrudimi"]
[Date "2007.03.14"]
[Round "6"]
[White "Vlcek, Marek"]
[Black "Reichel, Tomas"]
[Result "1/2-1/2"]
[WhiteElo "1892"]
[BlackElo "1726"]
[PlyCount "79"]
[EventDate "2007.03.10"]
[EventType "swiss"]
[EventRounds "9"]
[EventCountry "CZE"]
[SourceTitle "EXT 2008"]
[Source "ChessBase"]
[SourceDate "2007.11.25"]
[SourceVersion "1"]
[SourceVersionDate "2007.11.25"]
[SourceQuality "1"]

1. e4 e5 2. Nf3 Nc6 3. d4 exd4 4. Bc4 Nf6 5. 0-0 d6 6. c3 Be7 7. cxd4 Nxe4 8. Re1 d5 9. Bd3 Nf6 10. Ne5 0-0 11. Nxc6 bxc6 12. Qc2 Bd7 13. Nd2 Re8 14. Nf3 h6 15. Ne5 Bb4 16. Re2 Bd6 17. Nxc6 Rxe2 18. Bxe2 Qe8 19. Na5 Ng4 20. h3 Nf6 21. Be3 Rb8 22. Rc1 Rb6 23. Bf3 Ba4 24. b3 Bd7 25. Bd2 Ba3 26. Re1 Qc8 27. Re5 Bd6 28. Re1 Ba3 29. b4 Bxb4 30. Bxb4 Rxb4 31. Qc5 Rb6 32. Nb3 Be6 33. Rc1 c6 34. Qa5 Ra6 35. Qd2 Bf5 36. Nc5 Rb6 37. a4 Nd7 38. Nd3 Bxd3 39. Qxd3 Nf6 40. Qc2 1/2-1/2